Con ngựa trong văn hóa người Hmông - Bắc Hà - Lào Cai
Giới thiệu về đặc điểm địa hình và người Hmông ở huyện vùng cao Bắc Hà. Tìm hiểu về tri thức dân gian trong nghề nuôi ngựa truyền thống của người Hmông. Hình ảnh con ngựa trong văn hoá dân gian người Hmông. Vai trò của con ngựa trong đời sống kinh tế người Hmông...
Enregistré dans:
| Auteur principal: | |
|---|---|
| Format: | Livre |
| Langue: | Vietnamese |
| Publié: |
H.
Văn hoá Thông tin
2014
|
| Sujets: | |
| Tags: |
Ajouter un tag
Pas de tags, Soyez le premier à ajouter un tag!
|
| Thư viện lưu trữ: | Mạng thư viện Đại học Đà Nẵng |
|---|
| LEADER | 01816aam a22004338a 4500 | ||
|---|---|---|---|
| 001 | 000020757 | ||
| 003 | 17204 | ||
| 005 | 20150331160346.0 | ||
| 008 | 150326s2014 viesd | ||
| 020 | |d 2000b | ||
| 041 | 0 | |a vie | |
| 082 | 0 | 4 | |2 23 |a 398.245296655 |b VU-T |
| 100 | 1 | |a Vũ Thị Trang | |
| 245 | 1 | 0 | |a Con ngựa trong văn hóa người Hmông - Bắc Hà - Lào Cai |c Vũ Thị Trang |
| 260 | |a H. |b Văn hoá Thông tin |c 2014 | ||
| 300 | |a 186 tr. |b hình vẽ, ảnh |c 21 cm. | ||
| 500 | |a ĐTTS ghi: Hội Văn nghệ dân gian Việt Nam | ||
| 504 | |a Phụ lục: tr. 157-179 | ||
| 520 | |a Giới thiệu về đặc điểm địa hình và người Hmông ở huyện vùng cao Bắc Hà. Tìm hiểu về tri thức dân gian trong nghề nuôi ngựa truyền thống của người Hmông. Hình ảnh con ngựa trong văn hoá dân gian người Hmông. Vai trò của con ngựa trong đời sống kinh tế người Hmông | ||
| 650 | 0 | 4 | |a Ngựa (Động vật) |x Văn hóa dân gian |x Dân tộc H'Mông |z Bắc Hà (Lào Cai) |
| 650 | 7 | |2 Bộ TK TVQG | |
| 650 | 7 | |2 Bộ TK TVQG | |
| 650 | 7 | |2 Bộ TK TVQG | |
| 651 | 7 | |2 Bộ TK TVQG |a Bắc Hà | |
| 651 | 7 | |2 Bộ TK TVQG |a Lào Cai | |
| 653 | |a Văn hóa dân gian | ||
| 653 | |a Con ngựa | ||
| 653 | |a Dân tộc H'Mông | ||
| 653 | |a Tín ngưỡng | ||
| OWN | |a LSP | ||
| AVA | |a UDN50 |b LSP |d 398.245296655 VU-T |e available |t Error 5001 Not defined in file expand_doc_bib_avail. |f 1 |g 0 |h N |i 0 |k 1 | ||
| 999 | |a From the UDN01 | ||
| AVA | |a UDN50 |b LSP |d 398.245296655 VU-T |e available |t Error 5001 Not defined in file expand_doc_bib_avail. |f 1 |g 0 |h N |i 0 |k 1 | ||
| TYP | |a Monograph | ||
| TYP | |a Printed language | ||
| 980 | |a Mạng thư viện Đại học Đà Nẵng | ||